| 000 | 00336nam a22001337a 4500 | ||
|---|---|---|---|
| 020 | _a0-88224-004-8 | ||
| 082 | _a425 RIC | ||
| 100 |
_aRICK, FRANK.M _974573 |
||
| 245 | _aENGLISH AND ITS TEACHING | ||
| 260 |
_aLINCOLIN _bPROFESSIONAL EDUCATORS PUBLICATIONS _c1972 |
||
| 300 | _a98P | ||
| 650 |
_aENGLISH TEACHING _974574 |
||
| 942 | _cBK | ||
| 999 |
_c580089 _d580089 |
||